| 000 | 00516nam a2200217 a 4500 | ||
|---|---|---|---|
| 001 | nice12345678 | ||
| 003 | IN_TiNIC | ||
| 005 | 20260116014043.0 | ||
| 008 | 070413s2003 lona grp 000 0 eng | ||
| 020 |
_a0700712887 _c250 |
||
| 082 | 0 | 0 |
_a181.45 _bWHI |
| 100 | _aWhicher, Ian | ||
| 245 |
_aYoga _b The Indian Trasition |
||
| 260 |
_aLondon _bCurzon Press _c2003 |
||
| 300 | _a206p | ||
| 500 | _aincludes index and biblioraphy | ||
| 650 | _aYoga | ||
| 902 | _bSRS | ||
| 942 | _cBK | ||
| 999 |
_c13678 _d13678 |
||